000 00437nam a2200181Ia 4500
001 7954
005 20260306160533.0
008 260306t2013||||xx |||||||||||||| ||spa||
041 _aESP
082 _a364.1323985
_bQ73
100 _aQuiroz, Alfonso W.
_eAUT
245 0 _aHistoria de la corrupción en el Perú
260 _c2013
300 _a486 páginas :
_c21 cm.
650 _aGEN
654 _aCHU
942 _cLIB
_dJUS
_fJUS
_2ddc
_n
999 _c7954
_d7954